00295nam a22001217a 4500008004100000082002100041245003000062260003500092300000900127440001000136942001200146999001500158230627b xxu||||| |||| 00| 0 eng d a338.9bDPR 2006 aDevelopment Policy Review aUKbBlackwell Publishingc2006 a368p n3v24 2ddccBK c2881d2881